|
|
|
|
| LEADER |
02270nam a2200433 a 4500 |
| 001 |
EBC315238 |
| 003 |
MiAaPQ |
| 005 |
20200520144314.0 |
| 006 |
m o d | |
| 007 |
cr cn||||||||| |
| 008 |
070425s2007 caua sbf 001 0 eng |
| 010 |
|
|
|z 2007017413
|
| 020 |
|
|
|z 9780787987060 (pbk.)
|
| 020 |
|
|
|z 0787987069 (pbk.)
|
| 035 |
|
|
|a (MiAaPQ)EBC315238
|
| 035 |
|
|
|a (Au-PeEL)EBL315238
|
| 035 |
|
|
|a (CaPaEBR)ebr10295957
|
| 035 |
|
|
|a (CaONFJC)MIL97441
|
| 035 |
|
|
|a (OCoLC)437191242
|
| 040 |
|
|
|a MiAaPQ
|c MiAaPQ
|d MiAaPQ
|
| 050 |
|
4 |
|a HD69.P75
|b A334 2007
|
| 082 |
0 |
4 |
|a 658.4/56
|2 22
|
| 100 |
1 |
|
|a Adams, Tammy,
|d 1959-
|
| 245 |
1 |
4 |
|a The project meeting facilitator
|h [electronic resource] :
|b facilitation skills to make the most of project meetings /
|c Tammy Adams, Jan Means, Michael S. Spivey.
|
| 260 |
|
|
|a San Francisco :
|b Jossey-Bass,
|c c2007.
|
| 300 |
|
|
|a xiii, 219 p. :
|b ill.
|
| 490 |
1 |
|
|a Jossey-Bass business and management series
|
| 504 |
|
|
|a Includes bibliographical references (p. 212-214) and index.
|
| 505 |
0 |
|
|a Project facilitation basics. What is a project facilitator? -- The basics of project meeting facilitation; Facilitation tools for keeping meetings on target; Facilitation tools for keeping everyone engaged -- Facilitating meetings within each phase of the project. Facilitating project initiation meetings; Facilitating project planning meetings; Facilitating project execution meetings; Facilitating project control meetings; Facilitating project close meetings -- Resources and references. Resource A: Recommended reading; Resource B: Recommended websites; Resource C: Recommended organizations.
|
| 533 |
|
|
|a Electronic reproduction. Ann Arbor, MI : ProQuest, 2015. Available via World Wide Web. Access may be limited to ProQuest affiliated libraries.
|
| 650 |
|
0 |
|a Project management
|v Handbooks, manuals, etc.
|
| 650 |
|
0 |
|a Meetings
|v Handbooks, manuals, etc.
|
| 650 |
|
0 |
|a Group facilitation
|v Handbooks, manuals, etc.
|
| 655 |
|
4 |
|a Electronic books.
|
| 700 |
1 |
|
|a Means, Jan.
|
| 700 |
1 |
|
|a Spivey, Michael,
|d 1969-
|
| 710 |
2 |
|
|a ProQuest (Firm)
|
| 830 |
|
0 |
|a Jossey-Bass business & management series.
|
| 856 |
4 |
0 |
|u https://ebookcentral.proquest.com/lib/matrademy/detail.action?docID=315238
|z Click to View
|